000
00293nam a2200109Ia 4500
008
200302s9999 xx 000 0 und d
100
_a
Dr. B. C. Punmia Others
245
_a
Comprehensive Design of Steel Structures
260
_b
Laxmi Publication Pvt. Ltd.
260
_c
2003
300
_a
1156 P.,
999
_c
1997
_d
1997